000 00535nam a2200169Ia 4500
008 110201s9999 xx 000 0 und d
082 _bB9123
_aK 2601
100 _aनाईक संजय
245 _aनवरा माझा लाजरा
260 _bमेघना प्रकाशन
365 _b155
600 _aनाईक संजय
630 _aनवरा माझा लाजरा
700 _aनाईक संजय
730 _aनवरा माझा लाजरा
942 _cBOOK
999 _c834578
_d834575